书目信息 |
| 题名: |
常微分方程
|
|
| 作者: | 张祥 编著 | |
| 分册: | ||
| 出版信息: | 北京 科学出版社 2015.06 |
|
| 页数: | 228页 | |
| 开本: | 24cm | |
| 丛书名: | 大学数学科学丛书 | |
| 单 册: | ||
| 中图分类: | O175.1 | |
| 科图分类: | ||
| 主题词: | 常微分方程--教材--高等学校--chang wei fen fang cheng | |
| 电子资源: | ||
| ISBN: | 978-7-03-044323-6 | |
| 000 | 01552nam0 2200277 450 | |
| 001 | 41 | |
| 001 | 01CN11383920@CSLN | |
| 005 | 20161110170408.20 | |
| 010 | @a978-7-03-044323-6@dCNY68.00 | |
| 100 | @a20150730d2015 em y0chiy0121 ea | |
| 101 | 0 | @achi |
| 102 | @aCN@b110000 | |
| 105 | @aak a 001yy | |
| 200 | 1 | @a常微分方程@f张祥编著@Achang wei fen fang cheng |
| 210 | @a北京@c科学出版社@d2015.06 | |
| 215 | @a228页@c图@d24cm | |
| 225 | 2 | @a大学数学科学丛书@f主编李大潜@v33@Ada xue shu xue ke xue cong shu |
| 320 | @a有书目 (第217-220页) 和索引 | |
| 330 | @a本书介绍了常微分方程理论中一些必备的基础知识, 内容包括常微分方程的初等积分法、解的存在唯一性、解关于初值和参数的连续依赖性和连续可微性、解析微分方程解析解的存在性及其应用、微分方程组的可积理论及其在求解偏微分方程中的应用、常系数线性微分方程和微分方程组的解法及其在平面微分方程组局部结构研究上的应用、变系数线性微分方程组的Floquet理论、Sturm-Liouville边值问题及其在波动方程和热传导方程求解中的应用、微分方程解的稳定性判定、极限环存在性的基础知识, 并简要介绍了结构稳定性和分支理论的基础知识。本书还介绍了如何利用Mathematica软件求解微分方程和作平面微分系统的相图。 书末给出Ascoli-Arzelà引理的初等证明和实矩阵对数存在性的证明。 | |
| 333 | @a本书可作为高等院校理工科和经济学等专业本科生“常微分方程”课程的教材, 也可作为相关专业教师和研究生的参考书 | |
| 410 | 0 | @12001 |
| 606 | 0 | @a常微分方程@j教材@x高等学校@Achang wei fen fang cheng |
| 690 | @aO175.1@v5 | |
| 701 | 0 | @a张祥@4编著@Azhang xiang |
| 801 | 0 | @aCN@b大连网信软件有限公司图书馆·11@c20161110 |
| 905 | @aZUCC@dO175.1@e135 | |
| 常微分方程/张祥编著.-北京:科学出版社,2015.06 |
| 228页:图;24cm.-(大学数学科学丛书/主编李大潜;33) |
| 使用对象:本书可作为高等院校理工科和经济学等专业本科生“常微分方程”课程的教材, 也可作为相关专业教师和研究生的参考书 |
| ISBN 978-7-03-044323-6:CNY68.00 |
| 本书介绍了常微分方程理论中一些必备的基础知识, 内容包括常微分方程的初等积分法、解的存在唯一性、解关于初值和参数的连续依赖性和连续可微性、解析微分方程解析解的存在性及其应用、微分方程组的可积理论及其在求解偏微分方程中的应用、常系数线性微分方程和微分方程组的解法及其在平面微分方程组局部结构研究上的应用、变系数线性微分方程组的Floquet理论、Sturm-Liouville边值问题及其在波动方程和热传导方程求解中的应用、微分方程解的稳定性判定、极限环存在性的基础知识, 并简要介绍了结构稳定性和分支理论的基础知识。本书还介绍了如何利用Mathematica软件求解微分方程和作平面微分系统的相图。 书末给出Ascoli-Arzelà引理的初等证明和实矩阵对数存在性的证明。 |
| ● |
| 相关链接 |
|
|
|
|
正题名:常微分方程
索取号:O175.1/135
 
预约/预借
| 序号 | 登录号 | 条形码 | 馆藏地/架位号 | 状态 | 备注 |
| 1 | 908282 | 209082829 | 第二样本阅览室/ [索取号:O175.1/135] | 在馆 | |
| 2 | 908283 | 209082838 | 第三借阅区/ [索取号:O175.1/135] | 在馆 | |
| 3 | 908284 | 209082847 | 第三借阅区/ [索取号:O175.1/135] | 在馆 | |
| 4 | 908285 | 209082856 | 第三借阅区/ [索取号:O175.1/135] | 在馆 | |
| 5 | 908286 | 209082865 | 第三借阅区/ [索取号:O175.1/135] | 在馆 |